[Marc Buggeln: Slave Labor in Nazi Concentration Camps]
| Titel: | [Marc Buggeln: Slave Labor in Nazi Concentration Camps] / Waitman Wade Beorn |
|---|---|
| Verfasser: | |
| In: |
Holocaust and genocide studies, Band 30, Heft 2 (2016), Seite 360-362 alle Artikel anzeigen |
| Veröffentlicht: | 2016 |
| Format: | Aufsatz |
| Sprache: | Englisch |
X
alg: 43254162
001A $03025:13-06-18
001B $01999:27-07-21 $t17:20:40.000
001C $03025:13-06-18 $t11:48:36.000
001D $03025:13-06-18
001U $0utf8
001X $00
002@ $0Oou
002C $aText $btxt $2rdacontent
002D $aComputermedien $bc $2rdamedia
002E $aOnline-Ressource $bcr $2rdacarrier
003@ $0432541624
004P $010.1093/hgs/dcw030
007A $0432541624 $aHEB
010@ $aeng
010E $erda
011@ $a2016
013D $#Newspapers Sections, columns, etc. Reviews $#Book reviewing $#Journaux Cahiers, chroniques, etc. Comptes rendus $#Livres Recension $#Rezension $#Buchbesprechung $#Buchrezension $#Buchkritik $74049712-4 $8Rezension [Ts1] $9085138568
021A $a[Marc Buggeln: Slave Labor in Nazi Concentration Camps] $hWaitman Wade Beorn
028A $BVerfasser $#Beorn, Waitman W. $#Wade Beorn, Waitman $#Beorn, Waitman $4aut $71046573853 $8Beorn, Waitman Wade$Z1977- [Tp1] $9335629547
031A $d30 $e2 $h360-362 $j2016
039B $aEnthalten in $8--Obvc--. Holocaust and genocide studies. - Oxford {[u.a.] : Oxford Univ. Press, 1986-. - Online-Ressource. - ISSN 1476-7937 $x201600000300002640 $910488908X
039T $8--Aau--Buggeln, Marc$Z1971- [Tp3]. Slave labor in Nazi concentration camps. - 1. edition. - Oxford : Oxford Univ. Press, 2014. - VII, 334 Seiten. - Karten. - ISBN 978-0-19-870797-4 $9351697527
045F $a900.9437 $eDDC23BSB
045F/01 $a900
045F/03 $g437
045T $aROM $qDE-5 $2FID
045T $aROM $qDE-18 $2FID
045T $aJUDAICA $qDE-30 $2FID
045T $aINTRECHT $qDE-1a $2FID
045T $aKRIM $qDE-21 $2FID
045T $a2,1
lok: 43254162 78
exp: 43254162 78 1 #EPN
201B/01 $013-06-18 $t11:48:36.000
201C/01 $013-06-18
201U/01 $0utf8
203@/01 $01023531712
204P/01 $010.1093/hgs/dcw030
208@/01 $a13-06-18 $be
209A/01 $a/ $f000 $x00
209A/01 $ab*p $x01
220C/01 $apgar
244Z/01 $#Ostmitteleuropa $#Ostmitteleuropa $#Mitteleuropa, Ost $#Central Europe Ostmitteleuropa $#Mittelosteuropa $74075753-5 $8--Tg1--Ostmitteleuropa $x01 $9085214485
247C/01 $82080>Marburg/Lahn, Herder-Institut, Forschungsbibliothek, Bibliographieportal $9336309341
| LEADER | 00000caa a2200000 c 4500 | ||
|---|---|---|---|
| 001 | 432541624 | ||
| 003 | DE-603 | ||
| 005 | 20210727172040.0 | ||
| 007 | cr|||||||||||| | ||
| 008 | 180613s2016 xx |||| o| u00||u|eng c | ||
| 024 | 7 | |a 10.1093/hgs/dcw030 |2 doi | |
| 035 | |a (DE-599)HEB432541624 | ||
| 040 | |a DE-603 |b ger |c DE-603 |d DE-603 |e rda | ||
| 041 | |a eng | ||
| 082 | 0 | 4 | |8 1\u |a 900.9437 |q DE-101 |2 23/BSB |
| 084 | |a ROM |q DE-5 |2 fid | ||
| 084 | |a ROM |q DE-18 |2 fid | ||
| 084 | |a JUDAICA |q DE-30 |2 fid | ||
| 084 | |a INTRECHT |q DE-1a |2 fid | ||
| 084 | |a KRIM |q DE-21 |2 fid | ||
| 084 | |a 2,1 |2 ssgn | ||
| 085 | |8 1\u |b 900 | ||
| 085 | |8 1\u |z 2 |s 437 | ||
| 100 | 1 | |a Beorn, Waitman Wade |d 1977- |e Verfasser |4 aut |0 (DE-603)335629547 |0 (DE-588)1046573853 |2 gnd | |
| 245 | 0 | 0 | |a [Marc Buggeln: Slave Labor in Nazi Concentration Camps] |c Waitman Wade Beorn |
| 264 | 0 | |c 2016 | |
| 336 | |a Text |b txt |2 rdacontent | ||
| 337 | |a Computermedien |b c |2 rdamedia | ||
| 338 | |a Online-Ressource |b cr |2 rdacarrier | ||
| 655 | 7 | |a Rezension |2 gnd-content |0 (DE-588)4049712-4 |0 (DE-603)085138568 | |
| 773 | 0 | 8 | |i Enthalten in |t Holocaust and genocide studies |d Oxford [u.a.] : Oxford Univ. Press, 1986- |h Online-Ressource |x 1476-7937 |g Band 30, Heft 2 (2016), Seite 360-362 |w (DE-603)10488908X |w (DE-600)2079719-9 |
| 787 | 0 | 8 | |i Rezension von |a Buggeln, Marc, 1971- |t Slave labor in Nazi concentration camps |b 1. edition |d Oxford : Oxford Univ. Press, 2014 |h VII, 334 Seiten, Karten |z 9780198707974 |z 0198707975 |w (DE-603)351697527 |
| 924 | 1 | |9 2080 |a (DE-603)1023531712 |b DE-2080 |c HES |d d |g / | |


